| 000 | 01113pam a2200277 a 4500 | ||
|---|---|---|---|
| 001 | 4432479 | ||
| 003 | OSt | ||
| 005 | 20180116183028.0 | ||
| 008 | 940322r1994 nyu 000 1 eng | ||
| 010 | _a 94014753 | ||
| 020 |
_a0060179449 : _c$23.00 ($29.95 Can.) |
||
| 040 |
_aDLC _cDLC _dDLC |
||
| 050 | 0 | 0 |
_aPR6051.R285 _bT85 1994 |
| 082 | 0 | 0 |
_a813.54 _220 |
| 100 | 1 |
_aArcher, Jeffrey, _d1940- |
|
| 245 | 1 | 0 |
_aTwelve Red Herrings _cJeffrey Archer. |
| 250 | _a1st U.S. ed. | ||
| 260 |
_aNew York : _bHarperCollins Publishers, _cc1994. |
||
| 300 |
_a324 p. ; _c24 cm. _bPB |
||
| 440 | _aTwelve Red Herrings | ||
| 505 | 0 | _aTrial and error -- Cheap at half the price -- Dougie Mortimer's right arm -- Do not pass go -- Chunnel vision -- Shoeshine boy -- You'll never live to regret it -- Never stop on the motorway -- Not for sale -- Timeo Danaos-- -- An eye for an eye -- One man's meat-- . | |
| 740 | 0 | _a12 red herrings. | |
| 906 |
_a7 _bcbc _corignew _d1 _eocip _f19 _gy-gencatlg |
||
| 942 |
_2ddc _cBK |
||
| 999 |
_c350871 _d350871 |
||